...And counting (Record no. 79784)

MARC details
000 -LEADER
fixed length control field 00840cab a22002055a 4500
001 - CONTROL NUMBER
control field L142341
008 - FIXED-LENGTH DATA ELEMENTS--GENERAL INFORMATION
fixed length control field 080206e20080201xxka f 000 0 eng d
035 ## - SYSTEM CONTROL NUMBER
System control number (Sirsi) u142341
041 0# - LANGUAGE CODE
Language code of text/sound track or separate title eng
100 1# - MAIN ENTRY--PERSONAL NAME
Personal name Jansen, Mark
245 03 - TITLE STATEMENT
Title ...And counting
260 ## - PUBLICATION, DISTRIBUTION, ETC.
Date of publication, distribution, etc. 2008
490 #0 - SERIES STATEMENT
Series statement Property Week
Volume/sequential designation 73(5) 1 February 2008, 85-87(3)
520 ## - SUMMARY, ETC.
Summary, etc. Reports on the business rates payable on empty commercial property which comes into effect on 1 April 2008. Suggests that time is running out for landlords, occupiers and developers who now face large bills for empty space. Gives advice on how to avoid paying under the new rates regime.
590 ## - LOCAL NOTE (RLIN)
Local note KA
650 24 - SUBJECT ADDED ENTRY--TOPICAL TERM
Topical term or geographic name entry element RATING (EMPTY PROPERTIES) ACT 2007
651 #4 - SUBJECT ADDED ENTRY--GEOGRAPHIC NAME
Geographic name United Kingdom
Chronological subdivision
690 ## - LOCAL SUBJECT ADDED ENTRY--TOPICAL TERM (OCLC, RLIN)
Topical term or geographic name as entry element PROPERTY-COMMERCIAL PROPERTY- COMMERCIAL PROPERTY TAXATION-BUSINESS RATES
942 ## - ADDED ENTRY ELEMENTS (KOHA)
Suppress in OPAC 0
Holdings
Withdrawn status Lost status Source of classification or shelving scheme Damaged status Not for loan Home library Current library Shelving location Date acquired Total Checkouts Full call number Barcode Date last seen Copy number Price effective from Koha item type
    Dewey Decimal Classification     London London Journal article 06/02/2008   L142341 142341-1001 06/08/2019 1 06/08/2019 Journal article